| 000 | 00451nam a2200169 i 4500 | ||
|---|---|---|---|
| 001 | 128685 | ||
| 003 | ES-MaACL | ||
| 005 | 20230906193337.0 | ||
| 007 | t| | ||
| 008 | 070523s1941 ag ||||1| spa d | ||
| 080 | _a739.1(8) | ||
| 100 | 1 |
_aTaullard, A. _9109405 |
|
| 245 | 1 | 0 |
_aPlaterÃa sudamericana / _cpor A. Taullard. |
| 260 |
_aBuenos Aires : _bPeuser, _c1941. |
||
| 300 |
_a258 p. : _bil. ; _c33 cm. |
||
| 852 |
_aES-MaACL _jF-15796 _bR.21327 |
||
| 999 |
_c128685 _d128685 |
||